| 000 | 00816nam a2200241 a 4500 | ||
|---|---|---|---|
| 001 | BRCA_4184 | ||
| 005 | 20190320204557.0 | ||
| 008 | 300410s1959----mx-#######---#000-0#spa-# | ||
| 041 | _aspa | ||
| 044 | _amx | ||
| 050 | 4 |
_aQ23 _b.M46 1 1959 |
|
| 245 | 1 | 0 |
_aMemorias y revista de la Academia Nacional de Ciencias _b(Antigua Sociedad Científica Antonio Alzate). |
| 260 |
_aMéxico _bAcademia Nacional de Ciencias _c1959 |
||
| 300 |
_a183-397 p. _c23 cm. |
||
| 500 | _aTomo LVIII, Núms. 3-4, 1959 | ||
| 500 | _aRevista inventariada por Banco de México como libro | ||
| 500 | _aVer también C30, H31, H56, Q141, Q142, Q143, Q144, S126, X9 y X39 | ||
| 500 | _aAA19 | ||
| 650 | 1 | 4 |
_aCiencia _vPublicaciones periódicas _910791 |
| 710 | 2 |
_aAcademia Nacional de Ciencias _910792 |
|
| 902 | _aGFM | ||
| 942 |
_2lcc _cB |
||
| 999 |
_c3900 _d3900 |
||